00352nam a2200133Ia 4500003000400000005001700004008004100021040001800062041000800080100004800088110001700136245004500153260002000198OSt20230602102619.0211028s2012 xx 000 0 und d cAIMIT LIBRARY aeng aPrabha, Naik Prajot; Kudari, Medha.e101919 aMedha Kudari aAsset management system - managing data. aMangalorec2012